• 首页
  • 本馆介绍
  • 公告通知
  • 最新文献
  • 馆藏检索
  • 电子资源
  • 读者导购
  • 参考咨询
  • 我的图书馆
  • 登录
  • 详细信息显示
  • 放入我的书架
  • 预约/预借图书
  • 作者相关作品
  • 分类相关作品
  • 丛书相关作品
  • 出版社相关作品

书目信息

  • 表格格式
  • 工作单格式
  • 卡片格式
书名: Alice's adventures in Wonderland ; and, Through the looking-glass
作者: by Lewis Carroll ; with an introduction by Morton N. Cohen ; [text illustrations by John Tenniel, cover art ... by Milo Winter].
分册号:
分册名:
出版地: Toronto ;
 
出版社: Bantam
出版时间: 1981.
页数: xxix, 223 p. :
开本: 18 cm.
丛书名:
中图分类号:
科图分类号:
其他分类号: I561.44
主题词:
电子资源:
000 01134cam 2200313Ia 45x0
001 E0729843246
003 OCoLC
005 20070506173017.07
008 030519s1981 onca j 000 1 eng d
010    @agb 82028549
015    @aGB82-28549
020    @a0553210521 (pbk.) :@c$1.75.
040    @aSPL@cSPL@dUKM@dNRM
090    @aK556.917/WW(1)1
090    @aI561.44
092    @ax@bCarroll
099    @dI561.44@ex22
100 1  @aCarroll, Lewis,@d1832-1898.
245 10 @aAlice's adventures in Wonderland ; and, Through the looking-glass / @cby Lewis Carroll ; with an introduction by Morton N. Cohen ; [text illustrations by John Tenniel, cover art ... by Milo Winter].
260    @aToronto ;@aNew York :@bBantam,@c1981.
300    @axxix, 223 p. :@bill. ;@c18 cm.
490 0  @aA Bantam classic
500    @aFirst published in 1871.
504    @aBibliography: p. 221-223.
650  1 @aFantasy.
653    @aFiction in English, 1837-1900 - Texts
700 1  @aCarroll, Lewis,@d1832-1898.@tThrough the looking-glass.
700 1  @aTenniel, John,@cSir,@d1820-1914.
920    @a232010@z2
    
    Alice's adventures in Wonderland ; and, Through the looking-glass / / by Lewis Carroll ; with an introduction by Morton N. Cohen ; [text illustrations by John Tenniel, cover art ... by Milo Winter].-Toronto ; ; New York : : Bantam, , 1981.
    xxix, 223 p. : : ill. ; ; 18 cm.- (A Bantam classic )
    First published in 1871.-Bibliography: p. 221-223.
    
    ISBN 0553210521 (pbk.) :$1.75.
    
●
相关链接 在E读中查询图书 在五车中查询图书 在当当中查询图书 在豆瓣中查询图书


正题名:Alice's adventures in Wonderland ; and, Through the looking-glass     索取号:I561.44/x22         预约/预借

序号 登录号 条形码 馆藏地/架位号 状态 备注
1 181601   001683351   第二样本阅览室/ [索取号:I561.44/x22] 在馆    
2 181602   001683360   第四借阅区/ [索取号:I561.44/x22] 在馆    
3 181603   202459874   第四借阅区/ [索取号:I561.44/x22] 在馆    
唐山师范学院图书馆 欢迎您!
大连网信软件有限公司© 版权所有